000 00602nam a2200241Ia 4500
003 OSt
005 20221006141924.0
006 a|||||r|||| 00| 0
007 ta
008 221006b |||||||| |||| 00| 0 eng d
020 _c1254.60
024 _a4,655
037 _cTextual
040 _aEASL
_cEASL
_beng
041 _2eng
_aeng
082 _aW.41.N94, N5
100 _aLIEBERTHAL K
_9646544
245 0 _aGoverning China from revolution to reforms
260 _c1995
300 _a498p.
_ccm.
942 _hW.41.N94, N5
_cTEXL
_2CC
999 _c1072741
_d1072741